| Tag |
First Indicator |
Second Indicator |
Subfields |
| LEADER |
00000cam a2200000 a 4500 |
| 001 |
in00000092416 |
| 005 |
20151008064208.0 |
| 008 |
801126r19801980fr a bb i00000 eng d |
| 035 |
|
|
|a (OCoLC)06980277
|
| 035 |
|
|
|9 AAK3715AM
|
| 040 |
|
|
|a IRU
|c IRU
|d TXA
|d UtOrBLW
|
| 049 |
|
|
|a TXAI
|
| 090 |
|
|
|a TL500.N6
|b Ag15 no.258
|
| 099 |
|
|
|a fiche
|a S
|a 144
|a no. 258
|
| 245 |
0 |
0 |
|a Guidance and control software /
|c edited by L.J. Urban.
|
| 264 |
|
1 |
|a Neuilly sur Seine, France :
|b North Atlantic Treaty Organization, Advisory Group for Aerospace Research and Development,
|c 1980.
|
| 300 |
|
|
|a 219 pages in various pagings :
|b illustrations
|
| 336 |
|
|
|a text
|b txt
|2 rdacontent
|
| 337 |
|
|
|a microform
|b h
|2 rdamedia
|
| 338 |
|
|
|a microfiche
|b he
|2 rdacarrier
|
| 490 |
1 |
|
|a AGARDograph ;
|v no. 258
|
| 500 |
|
|
|a "Prepared at the request of the Guidance and Control Panel of AGARD."
|
| 500 |
|
|
|a English and French.
|
| 504 |
|
|
|a Includes bibliographies.
|
| 533 |
|
|
|a Microfiche.
|b Neuilly sur Seine, France :
|c AGARD, North Atlantic Treaty Organization,
|d 1980.
|e 3 microfiches : negative, ill. ; 11 x 15 cm.
|
| 500 |
|
|
|a Microform.
|
| 650 |
|
0 |
|a Computer programs.
|
| 650 |
|
0 |
|a Computer programs
|x Verification.
|
| 700 |
1 |
|
|a Urban, L. J.
|
| 710 |
2 |
|
|a North Atlantic Treaty Organization.
|b Advisory Group for Aerospace Research and Development.
|b Guidance and Control Panel.
|
| 830 |
|
0 |
|a AGARDograph ;
|v no. 258.
|
| 999 |
|
|
|a MARS
|
| 999 |
f |
f |
|s 160f7025-ba84-3751-bbba-3a9fa7efc0b7
|i fcfaa076-67fe-3295-9222-5c76e1c04aa7
|t 0
|
| 952 |
f |
f |
|p normal
|a Texas A&M University
|b College Station
|c Sterling C. Evans Library
|d Evans: Microforms (3rd floor)
|t 0
|e fiche S 144 no.258
|h Other scheme
|i microform -- microfiche
|m A14832929025
|
| 998 |
f |
f |
|a fiche S 144 no.258
|t 0
|l Evans: Microforms (3rd floor)
|